Fr. Conceicao Rodrigues College of Engineering

MF Star 85:Users manual (Record no. 25577)

MARC details
000 -LEADER
fixed length control field 00281nam a2200133Ia 4500
100 ## - MAIN ENTRY--PERSONAL NAME
Personal name Dynalog micro system
245 ## - TITLE STATEMENT
Title MF Star 85:Users manual
260 ## - PUBLICATION, DISTRIBUTION, ETC.
Name of publisher, distributor, etc. Dynalog Micro system
Place of publication, distribution, etc. Mumbai
300 ## - PHYSICAL DESCRIPTION
Extent 83
546 ## - LANGUAGE NOTE
Language note ENGLISH
654 ## - SUBJECT ADDED ENTRY--FACETED TOPICAL TERMS
Focus term manual
942 ## - ADDED ENTRY ELEMENTS (KOHA)
Koha item type BOOK
Holdings
Withdrawn status Lost status Damaged status Not for loan Collection Home library Current library Shelving location Date acquired Cost, normal purchase price Total Checkouts Full call number Barcode Date last seen Cost, replacement price Price effective from Koha item type
        CRC Fr. Agnel's C.Rodrigues College of Engineering Fr. Agnel's C.Rodrigues College of Engineering   17/03/2023 53.40   4215 17/03/2023 53.40 17/03/2023 BOOK